Tile Select - Antonyms - Statistics

General Stats
  • This quiz has been taken 18 times
  • The average score is 41 of 45
Answer Stats
Question Tile Select % Correct
antonyms for the word "destroy" dominate No
100%
antonyms for the word "destroy" enigmatic No
100%
antonyms for the word "destroy" ephemeral No
100%
antonyms for the word "polite" Ethereal No
100%
antonyms for the word "confident" Faithful No
100%
antonyms for the word "polite" Lugubrious No
100%
antonyms for the word "destroy" ponder No
100%
antonyms for the word "order" Pragmatic No
100%
antonyms for the word "order" Alignment No
93%
antonyms for the word "confident" Assertive No
93%
antonyms for the word "order" Bombastic No
93%
antonyms for the word "destroy" build Yes
93%
antonyms for the word "gloomy" Cheerful Yes
93%
antonyms for the word "destroy" create Yes
93%
antonyms for the word "order" Disorder Yes
93%
antonyms for the word "order" Disorganization Yes
93%
antonyms for the word "gloomy" Emphatic No
93%
antonyms for the word "polite" Humble No
93%
antonyms for the word "polite" Impolite Yes
93%
antonyms for the word "confident" Insecure Yes
93%
antonyms for the word "gloomy" Joyful Yes
93%
antonyms for the word "gloomy" Jubilant Yes
93%
antonyms for the word "polite" Jubilant No
93%
antonyms for the word "gloomy" Lugubrious No
93%
antonyms for the word "gloomy" Mournful No
93%
antonyms for the word "gloomy" Nefarious No
93%
antonyms for the word "confident" Positive No
93%
antonyms for the word "order" Pretentious No
93%
antonyms for the word "destroy" restore Yes
93%
antonyms for the word "polite" Rude Yes
93%
antonyms for the word "confident" Shy Yes
93%
antonyms for the word "confident" Unassured Yes
93%
antonyms for the word "confident" Unconfident Yes
93%
antonyms for the word "confident" Unwise No
93%
antonyms for the word "confident" Writhe No
93%
antonyms for the word "order" Confusion Yes
87%
antonyms for the word "gloomy" Dolorous No
87%
antonyms for the word "gloomy" Optimistic Yes
87%
antonyms for the word "polite" Uncivil Yes
87%
antonyms for the word "polite" Discourteous Yes
80%
antonyms for the word "destroy" disrepair No
80%
antonyms for the word "order" Disruption Yes
80%
antonyms for the word "polite" Ungracious Yes
80%
antonyms for the word "destroy" preserve Yes
73%
antonyms for the word "order" Cacophony No
47%
No matching quizzes found
Score Distribution
Percent of People with Each Score
Percentile by Number Answered
Your Score History
You have not taken this quiz